Nghiên cứu sáng tác của các nhà văn nữ Việt Nam hiện đại

Saved in:
Bibliographic Details
Main Author: Trần, Thị Việt Trung
Format: Book
Language:Undetermined
Published: Thái Nguyên Nxb. Đại học Thái Nguyên 2017
Subjects:
Tags: Add Tag
No Tags, Be the first to tag this record!
Institutions: Trung tâm Học liệu Trường Đại học Cần Thơ
LEADER 00705nam a2200193Ia 4500
001 CTU_228453
008 210402s9999 xx 000 0 und d
082 |a 895.92209 
082 |b Tr513 
100 |a Trần, Thị Việt Trung 
245 0 |a Nghiên cứu sáng tác của các nhà văn nữ Việt Nam hiện đại 
245 0 |c Trần Thị Việt Trung (Chủ biên) 
260 |a Thái Nguyên 
260 |b Nxb. Đại học Thái Nguyên 
260 |c 2017 
650 |a Văn học Việt Nam,Vietnamese literature 
650 |x Lịch sử và phê bình,History and criticism 
910 |b nthai 
980 |a Trung tâm Học liệu Trường Đại học Cần Thơ